| 000 | 00550nam a2200169 a 4500 | ||
|---|---|---|---|
| 020 | _a0710604246 : | ||
| 082 | 0 | 0 |
_a387.7 _bSMI |
| 100 | 1 |
_aSmith, P. R. _938553 |
|
| 245 | 1 | 0 |
_aBoeing 737 / _cP.R. Smith. |
| 260 |
_aLondon ; _aNew York, NY : _bJane's Pub. Co. in conjunction with DPR Marketing and Sales, _c1986. |
||
| 300 |
_a64 p. : _bcol. ill. ; _c20 x 25 cm. |
||
| 490 | 1 | _aAir portfolios ; | |
| 526 |
_a0 _b0 _c0 _d387_700000000000000_SMI |
||
| 650 | 0 |
_aBoeing 737 (Jet transport) _xPictorial works. _938554 |
|
| 650 | 0 |
_aMCE _9379 |
|
| 942 |
_2ddc _cBK |
||
| 999 |
_c543170 _d543170 |
||